England - A & B - Statistics

General Stats
  • This quiz has been taken 41 times
  • The average score is 9 of 15
Answer Stats
Hint Answer % Correct
England's second city Birmingham
97%
City on the East Sussex coast (full name) Brighton and Hove
91%
River on which Stratford stands Avon
88%
seaside town with three piers and a tower Blackpool
82%
First name of singer Moyet whop had huge hits in the 80's & 90's Alison
76%
County with includes Windsor Berkshire
70%
First name of English TV presenter Rippon Angela
67%
First name of the late comedian Monkhouse Bob
64%
Famous naval city in the south west Bristol
58%
Famous TV series of the 60's which featured Little Weed Bill And Ben
52%
Town in Buckinghamshire famous for it's 'duck' Aylesbury
39%
Famous TV series of the 50's & 60's which featured Looby Loo Andy Pandy
36%
Town in West Sussex with a medieval castle Arundel
36%
Name of the spoof soap opera created by English actor, writer and comedian Victoria Wood Acorn Antiques
27%
Famous mine in Derbyshire which is the only place in the world to produce this stone Blue John
15%
No matching quizzes found
Score Distribution
Percent of People with Each Score
Percentile by Number Answered
Your Score History
You have not taken this quiz